Burgers-KPZ turbulence : Gottingen lectures

Αποθηκεύτηκε σε:
Λεπτομέρειες βιβλιογραφικής εγγραφής
Κύριος συγγραφέας: Woyczynski, Wojbor Andrzej 1943-
Μορφή: Βιβλίο
Γλώσσα:English
Δημοσίευση: Berlin ; : New York : Springer, c1998
Σειρά:Lecture notes in mathematics (Springer-Verlag) ; 1700
Θέματα:
Ετικέτες: Προσθήκη ετικέτας
Δεν υπάρχουν, Καταχωρήστε ετικέτα πρώτοι!

MARC

LEADER 00000pam a2200000 i 4500
001 1/3537
008 000521s1998 eng d
020 |a 3-540-65237-X 
035 |l 10060831 
040 |a GR-MY-UA  |b gre  |e aacr 
041 0 |a eng 
082 0 |a 530.4127 
100 1 |a Woyczynski, Wojbor Andrzej  |d 1943- 
245 1 0 |a Burgers-KPZ turbulence :  |b Gottingen lectures /  |c Wojbor A. Woyczynski 
260 |a Berlin ; :   |a New York :   |b Springer,   |c c1998 
300 |a xi, 318 p.;  |b ill.;  |c 24 cm. 
490 1 |a Lecture notes in mathematics (Springer-Verlag)  |v ; 1700 
504 |a Includes bibliographical references (p. [299]-316) and index 
650 0 0 |a Interfaces (Physical sciences) 
650 0 0 |a Turbulence  |x Mathematical models. 
650 0 0 |a Burgers equation. 
650 0 0 |a Differential equations, Parabolic. 
830 0 |a Lecture notes in mathematics (Springer-Verlag)  |v ; 1700 
852 |a INST  |b SAMOS  |e 20000521  |h 530.4127 WOY  |p 005300017070  |q 005300017070  |t BK  |y 0 
901 |a BIBL3-2000-2 
909 |a Σ  |b 067281 
922 |a 3ΕΛΗ  |b 199909  |c ΕΠΕΑΕΚ/ΜΑΘ  |d ΠΑΠΑΣΩΤΗΡΙΟΥ 
970 |z 2000/05/ΜΠΡΑΤΤΗΣ